| 000 | 00370nam a2200157Ia 4500 | ||
|---|---|---|---|
| 008 | 230917s9999||||xx |||||||||||||| ||und|| | ||
| 040 |
_e50490 _aMAIN |
||
| 041 | _aEnglish | ||
| 082 | _a790 S72L | ||
| 100 | _aSessoms, H Douglas | ||
| 245 | 0 | _aLeisure services | |
| 250 | _a6th ed. | ||
| 260 |
_aNew Jersey _bPrentice Hall _c1984 |
||
| 300 | _ax, 357 p. | ||
| 942 | _cBK | ||
| 999 |
_c42883 _d42883 |
||